[Event "Vicente Lopez ProAm 100 Years op"]
[Site "Buenos Aires"]
[Date "2022.10.17"]
[Round "8"]
[White "Aranda, Juan Manuel"]
[Black "Shon, Mariano"]
[Result "1-0"]
[WhiteElo "2162"]
[BlackElo "1669"]
[PlyCount "73"]
[EventDate "2022.10.11"]
[EventType "swiss"]
[EventRounds "9"]
[EventCountry "ARG"]
[SourceTitle "CBM 210 Extra"]
[Source "ChessBase"]
[SourceDate "2022.11.30"]
[SourceVersion "1"]
[SourceVersionDate "2022.11.30"]
[SourceQuality "1"]

1. Nf3 Nf6 2. c4 e6 3. g3 b6 4. Bg2 Bb7 5. 0-0 Be7 6. d4 0-0 7. Nc3 Ne4 8. Qc2 Nxc3 9. Qxc3 f5 10. b4 Bf6 11. Bb2 a5 12. b5 d6 13. Rac1 Nd7 14. Rfd1 Be4 15. Qb3 Qe7 16. Ne1 Bxg2 17. Nxg2 g5 18. Ba3 Bg7 19. Qf3 Nf6 20. Qc6 Rad8 21. c5 dxc5 22. dxc5 Ng4 23. cxb6 Rxd1+ 24. Rxd1 Qxa3 25. bxc7 Qxa2 26. c8Q Rxc8 27. Qxc8+ Bf8 28. Re1 Qb3 29. h3 Nh6 30. Qc6 f4 31. gxf4 Qxh3 32. Qf3 Qf5 33. fxg5 Qxg5 34. b6 Bd6 35. Rd1 Qe5 36. Rxd6 Qxd6 37. Qg3+ 1-0

[Event "Rio Grande op 19th"]
[Site "Rio Grande"]
[Date "2019.07.05"]
[Round "1"]
[White "Shon, Mariano"]
[Black "Aguilar, Andres"]
[Result "0-1"]
[WhiteElo "1618"]
[BlackElo "2338"]
[PlyCount "64"]
[EventDate "2019.07.05"]
[EventType "swiss"]
[EventRounds "7"]
[EventCountry "ARG"]
[SourceTitle "EXT 2020"]
[Source "ChessBase"]
[SourceDate "2019.10.17"]
[SourceVersion "1"]
[SourceVersionDate "2019.10.17"]
[SourceQuality "1"]

1. e4 c5 2. Nc3 Nc6 3. Nge2 Nf6 4. g3 d6 5. Bg2 g6 6. 0-0 Bg7 7. h3 0-0 8. d3 Rb8 9. a4 a6 10. f4 Bd7 11. g4 b5 12. axb5 axb5 13. Ng3 b4 14. Nce2 Qb6 15. Be3 Ne8 16. Rb1 Nd4 17. f5 b3 18. c4 Nc2 19. Bd2 Nc7 20. h4 Na6 21. h5 Nab4 22. Bc1 Be5 23. g5 Qa7 24. Nf4 Qa2 25. Qg4 Qxb1 26. Qh4 Qxc1 27. Rxc1 Bxf4 28. f6 Bxc1 29. hxg6 fxg6 30. Kh2 exf6 31. gxf6 Bxb2 32. e5 Bxe5 0-1

[Event "Santa Teresita op 2nd"]
[Site "Santa Teresita"]
[Date "2017.06.30"]
[Round "1"]
[White "Mazur, Mario"]
[Black "Shon, Mariano"]
[Result "1-0"]
[WhiteElo "1978"]
[BlackElo "1654"]
[PlyCount "37"]
[EventDate "2017.06.30"]
[EventType "swiss"]
[EventRounds "6"]
[EventCountry "ARG"]
[SourceTitle "EXT 2018"]
[Source "ChessBase"]
[SourceDate "2017.10.13"]
[SourceVersion "1"]
[SourceVersionDate "2017.10.13"]
[SourceQuality "1"]

1. e4 d5 2. exd5 Qxd5 3. Nc3 Qa5 4. Nf3 Nf6 5. d4 Ne4 6. Bd2 Nxd2 7. Qxd2 Bf5 8. Bc4 e6 9. 0-0 Bb4 10. a3 Bxc3 11. bxc3 c6 12. Rfe1 0-0 13. Ne5 Rd8 14. g4 Bg6 15. h4 h6 16. Nxg6 fxg6 17. Rxe6 Kh8 18. Rxg6 Nd7 19. Rxh6+ 1-0